00982nam a22001697a 4500003000900000005001700009008004100026040001300067110002900080245027100109260004900380300004100429500011100470650005000581651005000631856013100681BR-ViAPE20260417115443.0260417s1925 por gs||||s000 0 por d cBR-ViAPE aEspírito SantobEstado aRelatório apresentado pelo Dr. Moacyr Avidos Secretário da Agricultura, Terras e Obras do Estado do Espírito Santo, ao Exmo. Snr. Dr. Florentino Avidos, d. d. Presidente do Estado, em obediência ao disposto no artigo 11 da lei n 1.440, de 10 de junho de 1924 aVitóriabOfficinas da Vida Capichabac1925 a153 p.bDocumento digitalizado (PDF) aDocumento digitalizado do acervo institucional do Arquivo Público do Estado do Espírito Santo - APEES. xAdministração públicazEspírito Santo aEspírito SantoxRelatórios governamentais uhttps://ape.es.gov.br/Media/ape/PDF/Relatorios/1919/relatorio%203%20-%20ano%201925-1.pdfyCLIQUE AQUI PARA ACESSAR O DOCUMENTO